Първата и последна свобода (Запис номер 32180)
[ съкратено ]
| 000 -Лидер | |
|---|---|
| Контролно поле с фиксирана дължина | 02209nam a2200433 c 4500 |
| 003 - Код на организацията, давaща контролен номер | |
| Контролно поле | BLK |
| 005 - Дата и час на последна редакция | |
| Контролно поле | 20250102092337.0 |
| 008 - Елементи от данни с фиксирана дължина | |
| fixed length control field | 180407b bul|||||r ||||||| ||bul|| |
| 010 ## - Наследен системен номер | |
| LC control number | KNG00034850000 |
| 020 ## - Международен стандартен номер на книга ISBN | |
| Международен стандартен номер на книга ISBN | 954-474-201-8 |
| -- | издат.: Кибеа |
| 040 ## - Източник на каталожния запис | |
| Идентификатор на билиотеката - собственик на записа | BLK |
| 041 ## - Код за език | |
| Код за езика на текст/звукозапис или на отделно заглавие | Български |
| Код за езика КДБФ | Български |
| 072 #7 - Код за тематичната категория | |
| Код организация | bullib |
| Код за тематична категория | Л03 |
| Текст | Себепознание. Мисловни техники. Психология. Парапсихология |
| 080 ## - УДК | |
| Текстов определител УДК | Особености на духовния живот. Съзнание. Духовно развитие на човека. Диференциална психология. Генетична психология. Еволюционна психология |
| УДК код - определител по УДК | 159.922 |
| УДК определител | :133 |
| УДК - код + определител | 159.922:133 |
| 080 ## - УДК | |
| Текстов определител УДК | Според отношението към проблема за духа и свободата на волята. Вж и 159. 947;17. 021;23 |
| УДК код - определител по УДК | 141.5 |
| УДК определител | (540) |
| УДК - код + определител | 141.5(540) |
| 100 1# - Редна дума - Автор | |
| Автор | Кришнамурти, Джиду |
| Авторска отговорност | първи автор |
| R(LIN) | 260494 |
| 139 ## - Редно поле | |
| Редна дума | Кришнамурти, Джиду |
| Авторски знак | Кре - К 90 |
| 245 10 - Сведения за заглавието | |
| Заглавие | Първата и последна свобода |
| Редно поле (дума) | Джиду Кришнамурти; под ред. на Олдъс Хъксли; прев. от англ. Владимир Филипов. |
| 257 ## - Страна на издаване | |
| Страна на създаване/издаване | Индия |
| 260 ## - Област на издателските данни | |
| -- | София |
| Име на издателя, разпространителя и проч. | Кибеа |
| Година на издаване | 2000 |
| Печатница | София : Балкан прес |
| 300 ## - Физическа характеристика | |
| Страници | 293 с. |
| Илюстрации и др. | с портр. |
| Размери/Мащаб | 20 см |
| 380 ## - Жанр | |
| Жанр | Философия |
| 490 1# - СЕРИИ (Колекции) | |
| Име на серия | Серия Познай себе си |
| 500 ## - Общи забележки | |
| Забележка | Ориг. загл. The first and last freedom / J. Krishnamurti. - Съдържа и Биогр. данни за авт. |
| 650 #4 - Допълнително описание по предмет – тема | |
| Основно описание – тема или топоним | Личност - духовно усъвършенстване |
| 9 (RLIN) | 256548 |
| 650 #4 - Допълнително описание по предмет – тема | |
| Основно описание – тема или топоним | Свобода (филос.) |
| 9 (RLIN) | 247404 |
| 650 #4 - Допълнително описание по предмет – тема | |
| Основно описание – тема или топоним | Философия |
| 9 (RLIN) | 175490 |
| 653 ## - Ключова дума – ненормативна | |
| Ключова дума | свобода |
| 653 ## - Ключова дума – ненормативна | |
| Ключова дума | философия |
| 659 ## - Тематичен бюлетин | |
| Тематичен бюлетин | Л |
| 700 ## - Други автори (авторска отговорност) | |
| Лично име | Хъксли, Олдъс |
| 9 (RLIN) | 366771 |
| 700 ## - Други автори (авторска отговорност) | |
| Лично име | Филипов, Владимир |
| Дати, свързани с автора | 1925-2004 |
| 9 (RLIN) | 363823 |
| 852 ## - Местоположение | |
| Форматна сигнатура | Цб 207119 |
| 856 4# - Електронен адрес и достъп | |
| Електронен формат | pdf - файл |
| Път до файла /url/ | |
| 856 4# - Електронен адрес и достъп | |
| Електронен формат | pdf - файл |
| Път до файла /url/ | |
| 942 ## - АРТИКУЛИ | |
| Вид на библиотечния материал | Книги |
| Скрит в OPAC | Не |
| Koha issues (borrowed), all copies | 9 |
| 944 ## - СЪЗДАВАНЕ И РЕДАКЦИЯ на ЗАПИСА | |
| Създаване/Редакция | Създаване |
| Дата на регистрацията/редакция | 15.01.2003 |
| Служител, извършил регистрацията/редакцията | 30540 |
| Статус, дата на статуса | Севдалина Тодорова |
| 944 ## - СЪЗДАВАНЕ И РЕДАКЦИЯ на ЗАПИСА | |
| Създаване/Редакция | Редакция |
| Дата на регистрацията/редакция | 15.11.2011 |
| Служител, извършил регистрацията/редакцията | |
| 999 ## - СИСТЕМНИ КОНТРОЛНИ НОМЕРА | |
| Koha biblionumber | 32180 |
| Koha biblioitemnumber | 32180 |
| Код за отписване | Код за изгубен артикул | Източник на класификационната схема | Код за повреда | Коз за рестрикции | Код за отдаване | Артикулен № | Име на библиотеката - собственик | Име на библиотеката, в която се намира в момента | Статус (Текущо местоположение) | Дата на вписване в системата | Местоположение - отдел | Цена в лева | Инвентарен номер | Систематично азбучна сигнатура | Баркод | Номер на екземпляра | Цена в евро | Служебна бележка | Служебен тип на артикула |
|---|---|---|---|---|---|---|---|---|---|---|---|---|---|---|---|---|---|---|---|
| Изтеглен | Не е изгубен | Universal Decimal Classification | Не е повреден | без рестрикции | заемане за дома | 51343 | Регионална библиотека "Любен Каравелов" Русе | Регионална библиотека "Любен Каравелов" Русе | Заемна - подръчен фонд | 2001-01-01 | Заемна - подръчен фонд | 6.00 | 661568 | П 159.92/К 90 | 120000661568 | 1 | 3.07 | Дост: Pk Вид: Ф N: стар фонд Дата: 01.01.2001 Дата инв: 01.02.2018 Бележки инв: П2018 | Книги |
| Не е изгубен | Universal Decimal Classification | Не е повреден | без рестрикции | ползва се в читалня | 51344 | Регионална библиотека "Любен Каравелов" Русе | Регионална библиотека "Любен Каравелов" Русе | Хранилище | 2005-01-18 | Хранилище | 0.00 | 120000691154 | Цб 207119 | 120000691154 | 2 | 0.00 | Дост: Dp Вид: Д N: 11 Дата: 02.03.2004 | Книги |